000 00830nam a2200289Ia 4500
003 OSt
005 20220925223142.0
006 a|||||r|||| 00| 0
007 ta
008 220923b |||||||| |||| 00| 0 eng d
020 _a0415234344
037 _cGeneral Book
040 _aRTL
_cRTL
_beng
041 _2eng
_aeng
082 _aX:3M24xM18:g, P2
100 _aSaad-Filho Alfredo
_931643
245 0 _aValue of Marx
_b Political economy for contemporary
260 _aLondon
_bRoutledge
_c2002
300 _ax, 177p
_ccm.
490 _aRoutledge Frontiers of Political Economy; 41
500 _aBibliography: P 148-67
650 _a Classics
650 _a Karl Marx
650 _aEconomics
942 _hX:3M24xM18:g, P2
_cGB
_2CC
999 _c578782
_d578782